书目信息 |
| 题名: |
田径
|
|
| 作者: | 李鸿江 主编 | |
| 分册: | ||
| 出版信息: | 北京 高等教育出版社 2018重印 |
|
| 页数: | 396页 | |
| 开本: | 23cm | |
| 丛书名: | 普通高等学校体育教育专业主干课教材 | |
| 单 册: | ||
| 中图分类: | G82 | |
| 科图分类: | ||
| 主题词: | 田径运动--tian jing yun dong--高等学校--教材 | |
| 电子资源: | ||
| ISBN: | 978-7-04-032975-9 | |
| 000 | 01260nam 2200301 45 | |
| 001 | 012001004351 | |
| 005 | 20191122083859.37 | |
| 010 | @a978-7-04-032975-9@dCNY39.80 | |
| 099 | @aCAL 012014114053 | |
| 100 | @a20140722d2014 em y0chiy50 ea | |
| 101 | 0 | @achi |
| 102 | @aCN@b110000 | |
| 105 | @aack a 000yy | |
| 106 | @ar | |
| 200 | 1 | @a田径@Atian jing@f李鸿江主编 |
| 205 | @a第3版 | |
| 210 | @a北京@c高等教育出版社@d2018重印 | |
| 215 | @a396页@c图, 肖像@d23cm | |
| 225 | 2 | @a普通高等学校体育教育专业主干课教材@Apu tong gao deng xue xiao ti yu jiao yu zhuan ye zhu gan ke jiao cai |
| 300 | @a“十二五”普通高等教育本科国家级规划教材 国家级精品资源共享课配套教材 | |
| 320 | @a有书目 | |
| 330 | @a本书分为三篇。基础理论篇包括:田径运动概述、田径运动的技术原理、田径运动教学、田径运动训练、田径运动竞赛组织工作的基本知识、田径场地的基本知识。实践篇包括:短跑、跨栏跑、中长跑、跳远、跳高、推铅球、掷标枪、其他田径项目介绍。拓展篇包括:田径健身的理论与方法、体能训练的基本方法、趣味田径运动等。 | |
| 410 | 0 | @12001^@a普通高等学校体育教育专业主干课教材 |
| 606 | 0 | @a田径运动@Atian jing yun dong@x高等学校@j教材 |
| 690 | @aG82@v5 | |
| 701 | 0 | @a李鸿江@Ali hong jiang@4主编 |
| 801 | @b江苏凤凰@c20191020 | |
| 905 | @b1238486-9@dG82@e173=3@f4 | |
| 田径/李鸿江主编.-第3版.-北京:高等教育出版社,2018重印 |
| 396页:图, 肖像;23cm.-(普通高等学校体育教育专业主干课教材) |
| “十二五”普通高等教育本科国家级规划教材 国家级精品资源共享课配套教材 |
| ISBN 978-7-04-032975-9:CNY39.80 |
| 本书分为三篇。基础理论篇包括:田径运动概述、田径运动的技术原理、田径运动教学、田径运动训练、田径运动竞赛组织工作的基本知识、田径场地的基本知识。实践篇包括:短跑、跨栏跑、中长跑、跳远、跳高、推铅球、掷标枪、其他田径项目介绍。拓展篇包括:田径健身的理论与方法、体能训练的基本方法、趣味田径运动等。 |
| ● |
| 相关链接 |
|
|
|
|
正题名:田径
索取号:G82/173=3
 
预约/预借
| 序号 | 登录号 | 条形码 | 馆藏地/架位号 | 状态 | 备注 |
| 1 | 1238486 | 212384864 | 第一样本阅览室/ [索取号:G82/173=3] | 在馆 | |
| 2 | 1238487 | 212384873 | 教育系资料室/ [索取号:G82/173=3] | 在馆 | |
| 3 | 1238488 | 212384882 | 教育系资料室/ [索取号:G82/173=3] | 在馆 | |
| 4 | 1238489 | 212384891 | 第四借阅区/ [索取号:G82/173=3] | 在馆 |